Court Appeal Civil Appeal No.7 of 1996. Sir John Bagire vs Ausi Matovu (Record no. 3032)
[ view plain ]
| 000 -LEADER | |
|---|---|
| fixed length control field | 00589nam a22001217a 4500 |
| 008 - FIXED-LENGTH DATA ELEMENTS--GENERAL INFORMATION | |
| fixed length control field | 110615t xxu||||| |||| 00| 0 eng d |
| 010 ## - LIBRARY OF CONGRESS CONTROL NUMBER | |
| LC control number | CACA F-49 |
| 245 ## - TITLE STATEMENT | |
| Title | Court Appeal Civil Appeal No.7 of 1996. Sir John Bagire vs Ausi Matovu |
| 260 ## - PUBLICATION, DISTRIBUTION, ETC. (IMPRINT) | |
| Date of publication, distribution, etc | 1996 |
| 500 ## - GENERAL NOTE | |
| General note | Coram: S.T. Manyindo, DCJ; G.M. Okello, J.A. and S.G. Engwau J.A. |
| 500 ## - GENERAL NOTE | |
| General note | Appeal from the Judgment and orders of the High Court Kitiyo J. as he was then dated 17th of November 1995 in High Court Civil Suit No. 878 of 1994 |
| Withdrawn status | Lost status | Source of classification or shelving scheme | Damaged status | Koha normalized classification for sorting | Not for loan | Location (home branch) | Sublocation or collection (holding branch) | Shelving location | Date acquired | Koha issues (times borrowed) | Koha full call number | Piece designation (barcode) | Koha date last seen | Price effective from | Koha item type |
|---|---|---|---|---|---|---|---|---|---|---|---|---|---|---|---|
| Dewey Decimal Classification | CACA_F49 | Law Development Centre Main Library | Law Development Centre Main Library | Law Reports | 06/15/2011 | CACA F-49 | 7/1996/1 | 06/15/2011 | 06/15/2011 | Un Reported Cases |
